Geography Quiz

Random Geography or World Quiz
Score 0/15 Timer 04:00
0 Plays Today
% Correct
USA
97.3%
United Kingdom
96.2%
Germany
94.2%
China
93.3%
Japan
92.5%
France
91.3%
Russia
89.2%
Brazil
79.4%
% Correct
Canada
79.2%
India
78.7%
South Korea
71.4%
Australia
69.6%
Italy
68.7%
Spain
56.6%
Mexico
53.3%

You're not logged in!

Compare scores with friends on all Sporcle quizzes.
OR
Log In

Sporcle TV

Today on Sporcle TV


Watch our educational content, quiz creation guides, and fun videos on Sporcle TV.

Show Comments

Extras

Top Quizzes Today


Score Distribution

Paid Content

Your Account Isn't Verified!

In order to create a playlist on Sporcle, you need to verify the email address you used during registration. Go to your Sporcle Settings to finish the process.

Report this User

Report this user for behavior that violates our Community Guidelines.

Details: